000
00325nam a22001457a 4500
003
SGT
020
_a
978-81-8457-214-8
082
_a
371.905
_b
DES
100
_a
DESHPRABHU SUCHITRA
245
_a
SPECIAL NEEDS EDUCATION
260
_a
KANISHKA PUB NEW DELHI
_c
2010
300
_a
305
650
_a
EDUCATION
942
_2
ddc
_c
BK
999
_c
23111
_d
23111